| 000 | 00666nam a2200205Ia 4500 | ||
|---|---|---|---|
| 003 | GCL | ||
| 008 | 140319s9999 xx 000 0 ara d | ||
| 040 |
_aGCL / _cGCL |
||
| 082 | 0 | 4 |
_a636.598 _bع ت |
| 100 | 1 | _aعمر الطنوبى | |
| 245 | 1 | 0 |
_aتربية الأوز / _cعمر الطنوبى |
| 260 |
_aالقاهرة : _bالمكتبة المصرية ، _c2004 |
||
| 300 |
_a56 ص ؛ _c24سم |
||
| 490 |
_aسلسلة المشروعات الانتاجية الزراعية الصغرى _v0 |
||
| 650 | 0 | 4 | _aالانتاج الحيوانى |
| 650 | 0 | 4 | _aالدواجن |
| 650 | 0 | 4 | _aالانتاج الزراعى |
| 650 | 0 | 4 | _aالاوز |
| 942 |
_2ddc _cBK |
||
| 999 |
_c6139 _d6139 |
||